Handbook of environmental disaster and management / (Record no. 156161)

MARC details
000 -LEADER
fixed length control field 00686nam a22001937a 4500
005 - DATE AND TIME OF LATEST TRANSACTION
control field 20180821150136.0
010 ## - LCCN (DPL NO)
LC control number ENG-123748
020 ## - INTERNATIONAL STANDARD BOOK NUMBER
International Standard Book Number 9788170494355
Terms of availability 695.00
035 ## - SYSTEM CONTROL NUMBER
System control number EN-107280
037 ## - SOURCE OF ACQUISITION
Source of stock number/acquisition DBAD/PUB
082 ## - DEWEY DECIMAL CLASSIFICATION NUMBER
Classification number 363.700954
100 ## - MAIN ENTRY--PERSONAL NAME
Personal name Thakur, Shailendra Nath
245 ## - TITLE STATEMENT
Title Handbook of environmental disaster and management /
Statement of responsibility, etc by Shailendra Nath Thakur
260 ## - PUBLICATION, DISTRIBUTION, ETC. (IMPRINT)
Place of publication, distribution, etc New Delhi
Name of publisher, distributor, etc Manas Publications
Date of publication, distribution, etc 2012
270 ## - ADDRESS
Address 4402/5-A, Ansari Road, (Opp. HDFC Bank) Darya Ganj,
City New Delhi
Postal code 110002
Telephone number 011-23260783, 23265523
Electronic mail address manaspublications@yahoo.com
300 ## - PHYSICAL DESCRIPTION
Extent 264p.
Dimensions 22cm(Hb)
500 ## - GENERAL NOTE
General note It includes index
942 ## - ADDED ENTRY ELEMENTS (KOHA)
Source of classification or shelving scheme Dewey Decimal Classification
Item type English Books
Call number suffix THA
Classification part 363.700954
Holdings
Withdrawn status Lost status Not for loan Collection code Home library Current library Date acquired Source of acquisition Cost, normal purchase price Full call number Barcode Copy number Cost, replacement price Koha item type
    Not For Loan Non-fiction D.B.Act.Division Patel Nagar 21/08/2018 DBAD/PUB 695.00 363.700954 THA EN-107280 1 995.00 English Books

© Delhi Public Library
Hit Counter
free hit counter